<?xml version="1.0" encoding="UTF-8"?>
<record
    xmlns:xsi="http://www.w3.org/2001/XMLSchema-instance"
    xsi:schemaLocation="http://www.loc.gov/MARC21/slim http://www.loc.gov/standards/marcxml/schema/MARC21slim.xsd"
    xmlns="http://www.loc.gov/MARC21/slim">

  <leader>01762nam a22002177a 4500</leader>
  <controlfield tag="003">IT-MiCISF</controlfield>
  <controlfield tag="005">20230418115241.0</controlfield>
  <controlfield tag="008">230418b        |||||||| |||| 00| 0 eng d</controlfield>
  <datafield tag="040" ind1=" " ind2=" ">
    <subfield code="c">IT-MiCISF</subfield>
  </datafield>
  <datafield tag="041" ind1=" " ind2=" ">
    <subfield code="a">it</subfield>
  </datafield>
  <datafield tag="100" ind1=" " ind2=" ">
    <subfield code="a">Papa Francesco</subfield>
    <subfield code="9">59914</subfield>
  </datafield>
  <datafield tag="245" ind1=" " ind2=" ">
    <subfield code="a">Essere famiglia. </subfield>
    <subfield code="b">Sorriso di Dio per l'umanit&#xE0;</subfield>
  </datafield>
  <datafield tag="260" ind1=" " ind2=" ">
    <subfield code="a">Milano, </subfield>
    <subfield code="b">Paoline, </subfield>
    <subfield code="c">2022</subfield>
  </datafield>
  <datafield tag="300" ind1=" " ind2=" ">
    <subfield code="a">pp. 223</subfield>
  </datafield>
  <datafield tag="500" ind1=" " ind2=" ">
    <subfield code="a">pastorale-familiare, catechesi, famiglia, magistero</subfield>
  </datafield>
  <datafield tag="520" ind1=" " ind2=" ">
    <subfield code="a">Il volume propone il tema dell'amore per la famiglia, attraverso i testi delle Catechesi sulla famiglia di papa Francesco, frutto della sua amorosa e appassionata "contemplazione" della famiglia umana nella sua dimensione vocazionale e condizione esistenziale. A partire dalla famiglia di Nazaret, Francesco, con la sua narrazione sempre pertinente ed empatica, ci fa attraversare le identit&#xE0; dei protagonisti (madre, padre, figli, nonni, zii...), le reciproche interrelazioni e le responsabilit&#xE0; in ordine alla vita familiare, al compito formativo in rapporto alla societ&#xE0;, alla cura del creato e ai valori, senza tralasciare gli aspetti "critici" con i quali fare i conti giorno per giorno. Ne risulta un affresco che attira e coinvolge la pi&#xF9; variegata audience sul tema "famiglia", ritenuto dal Papa urgente e fondamentale per l'umanit&#xE0;. Il volume &#xE8; arricchito dal commento di Mimmo Armiento che tesse, sullo sviluppo dei contenuti delle Catechesi di Francesco, un approccio alla bellezza e importanza della famiglia, nella vita umana, a partire da "Un sorriso...", ritenuto dall'Autore &#xAB;nutrimento della coppia e grembo da cui nasciamo...&#xBB;</subfield>
  </datafield>
  <datafield tag="650" ind1=" " ind2=" ">
    <subfield code="a">Pastorale-familiare</subfield>
    <subfield code="9">59915</subfield>
  </datafield>
  <datafield tag="654" ind1=" " ind2=" ">
    <subfield code="a">antologia</subfield>
  </datafield>
  <datafield tag="700" ind1=" " ind2=" ">
    <subfield code="a">con il commento di Armiento Mimmo</subfield>
    <subfield code="9">59916</subfield>
  </datafield>
  <datafield tag="942" ind1=" " ind2=" ">
    <subfield code="2">ddc</subfield>
    <subfield code="c">BK</subfield>
  </datafield>
  <datafield tag="999" ind1=" " ind2=" ">
    <subfield code="c">359677</subfield>
    <subfield code="d">359677</subfield>
  </datafield>
  <datafield tag="952" ind1=" " ind2=" ">
    <subfield code="0">0</subfield>
    <subfield code="1">0</subfield>
    <subfield code="2">ddc</subfield>
    <subfield code="4">0</subfield>
    <subfield code="6">A_2402_000000000000000</subfield>
    <subfield code="7">1</subfield>
    <subfield code="a">CISF</subfield>
    <subfield code="b">CISF</subfield>
    <subfield code="d">2023-04-18</subfield>
    <subfield code="l">0</subfield>
    <subfield code="o">A2402</subfield>
    <subfield code="p">9788831555081</subfield>
    <subfield code="r">2023-04-18 00:00:00</subfield>
    <subfield code="w">2023-04-18</subfield>
    <subfield code="y">BK</subfield>
  </datafield>
</record>
